Probability and statistical inference/ (Record no. 8600)

MARC details
000 -LEADER
fixed length control field 00701nam a22002297a 4500
003 - CONTROL NUMBER IDENTIFIER
control field OSt
005 - DATE AND TIME OF LATEST TRANSACTION
control field 20240618110306.0
008 - FIXED-LENGTH DATA ELEMENTS--GENERAL INFORMATION
fixed length control field 240618b |||||||| |||| 00| 0 eng d
020 ## - INTERNATIONAL STANDARD BOOK NUMBER
International Standard Book Number 9788177585537
040 ## - CATALOGING SOURCE
Transcribing agency must
082 ## - DEWEY DECIMAL CLASSIFICATION NUMBER
Edition number 7th ed.
Classification number 519.2 HOD 2006
100 ## - MAIN ENTRY--PERSONAL NAME
Personal name Hogg,Robert V.
Fuller form of name Robert V. Hogg
9 (RLIN) 17426
245 ## - TITLE STATEMENT
Title Probability and statistical inference/
Statement of responsibility, etc. Robert V. Hogg, Elliot A Tanis, Jagan Mohan Rao
250 ## - EDITION STATEMENT
Edition statement 7th ed
260 ## - PUBLICATION, DISTRIBUTION, ETC. (IMPRINT)
Place of publication, distribution, etc. India:
Name of publisher, distributor, etc. Peason Education
Date of publication, distribution, etc. c2006.
300 ## - PHYSICAL DESCRIPTION
Extent xix,704p.:
Other physical details ill;
Dimensions 24cm.
504 ## - BIBLIOGRAPHY, ETC. NOTE
Bibliography, etc Includes Appendix
600 ## - SUBJECT ADDED ENTRY--PERSONAL NAME
Source of heading or term Probability
700 ## - ADDED ENTRY--PERSONAL NAME
Personal name Tanis, Elliot A
Fuller form of name Elliot A. Tanis
9 (RLIN) 17427
700 ## - ADDED ENTRY--PERSONAL NAME
Personal name Rao, Jagan Mohan
9 (RLIN) 17428
942 ## - ADDED ENTRY ELEMENTS (KOHA)
Source of classification or shelving scheme Dewey Decimal Classification
Koha item type Open Shelf
Holdings
Withdrawn status Lost status Source of classification or shelving scheme Damaged status Not for loan Home library Current library Date acquired Source of acquisition Inventory number Total Checkouts Full call number Barcode Date last seen Price effective from Koha item type
    Dewey Decimal Classification     MUST Main Library MUST Main Library 18/06/2024 purchase 11/34293   519.2 HOD 2006 2024-20742 18/06/2024 18/06/2024 Open Shelf